Antología del Pensamiento filosófico venezolano
Na minha lista:
| Autor principal: | |
|---|---|
| Formato: | Livro |
| Idioma: | Undetermined |
| Publicado em: |
San José, Costa Rica
Universidad de Costa Rica, Facultad de Letras
1981
|
| Assuntos: | |
| Tags: |
Adicionar Tag
Sem tags, seja o primeiro a adicionar uma tag!
|
MARC
| LEADER | 00000nam a2200000Ia 4500 | ||
|---|---|---|---|
| 008 | 170316s9999 xx 000 0 und d | ||
| 040 | |a cru BVZT | ||
| 090 | |a 100 G-10a T.3 | ||
| 100 | |a García Bacca, Juan David | ||
| 245 | |a Antología del Pensamiento filosófico venezolano | ||
| 260 | |a San José, Costa Rica | ||
| 260 | |b Universidad de Costa Rica, Facultad de Letras | ||
| 260 | |c 1981 | ||
| 300 | |a 106 páginas. Tomo III | ||
| 650 | |a FILOSOFÍA |9 5 | ||
| 650 | |a ANTOLOGÍA |9 80 | ||
| 650 | |a PENSAMIENTO FILOSÓFICO VENEZOLANO | ||
| 999 | |c 16238 |d 16238 | ||
| 942 | |c LIB |h 100 G-10a T.3 |2 z | ||
